| 000 | 00881cam a2200265 i 4500 | ||
|---|---|---|---|
| 001 | 1745122 | ||
| 003 | ARRUPE | ||
| 005 | 20161103145827.0 | ||
| 008 | 760219s1976 nyu b 000 0 eng | ||
| 010 | _a 75032859 | ||
| 020 |
_a0809119188 : _c$7.50 |
||
| 040 |
_aDLC _cDLC _dDLC |
||
| 050 | 0 | 0 |
_aBX1805 _b.P66 |
| 082 | 0 | 0 | _a262/.13 |
| 245 | 0 | 2 |
_aA Pope for all Christians? : _bAn inquiry into the role of Peter in the modern church / _cedited by Peter J. McCord. |
| 260 |
_aNew York : _bPaulist Press, _cc1976. |
||
| 300 |
_avi, 212 p. ; _c23 cm. |
||
| 504 | _aIncludes bibliographical references. | ||
| 650 | 0 |
_aPapacy. _xAddresses _927176 |
|
| 650 | 0 |
_aAuthority (Religion) _xAddresses _927177 |
|
| 650 | 0 |
_aChurch _xAuthority. _xAddresses _927178 |
|
| 700 | 1 |
_aMcCord, Peter J. _927179 _eed. |
|
| 906 |
_a7 _bcbc _corignew _d2 _eocip _f19 _gy-gencatlg |
||
| 942 |
_2lcc _cMONOGRAPH |
||
| 999 |
_c125631 _d125631 |
||